№ 8; Национальные стандарты
| Parent link: | Национальные стандарты: Информационный указатель/ Федеральное агентство по техническому регулированию и метрологии. № 8.— , 2004- |
|---|---|
| Kieli: | venäjä |
| Julkaistu: |
2012
|
| Aineistotyyppi: | Kirja |
| KOHA link: | https://koha.lib.tpu.ru/cgi-bin/koha/opac-detail.pl?biblionumber=486009 |
MARC
| LEADER | 00000nam2a2200000 4500 | ||
|---|---|---|---|
| 001 | 486009 | ||
| 005 | 20250410174430.0 | ||
| 035 | |a (RuTPU)RU\TPU\prd\153887 | ||
| 090 | |a 486009 | ||
| 100 | |a 20121010a19409999k y0rusy50 ca | ||
| 101 | 0 | |a rus | |
| 102 | |a RU | ||
| 200 | 0 | |a № 8 | |
| 210 | |d 2012 | ||
| 461 | 1 | |0 (RuTPU)RU\TPU\prd\23792 |t Национальные стандарты |o Информационный указатель |f Федеральное агентство по техническому регулированию и метрологии |v № 8 |d 2004- | |
| 801 | 0 | |a RU |b 63413507 |c 20010227 |g PSBO | |
| 801 | 1 | |a RU |b 63413507 |c 20121010 | |
| 801 | 2 | |a RU |b 63413507 |c 20191202 |g RCR | |
| 942 | |c CR | ||